00382nam a2200145Ia 4500003000400000005001700004008004100021040000900062082001700071100002300088245004600111260005100157300000800208650002000216OSt20201021102738.0190216s9999||||xx |||||||||||||| ||und|| coclc a398.2bRUN/T aRungachary, Santha 0aTales For All Times /cSantha Rungachary  bNational Book Trust India ,c1981.aNew Delhi: a64p aEnglish Stories